00575nam a2200133Ia 4500008004100000041000800041082001500049100007600064245018000140260007300320300001200393650001800405650001800423210719s2003 xx 000 0 und d aeng a620.8 DSOB aDSOUZA (L);ANURADHA (M);HEGDE (Smitha);NIVAS (Shashikiran);RAJENDRA (K) aBiotechnology challenges and prospectsbProceedings of the national seminar commemorating the silver jubilee of the laboratory of applied biology St Aloysius College Mangalore aMangalorebLaboratory of applied biology, St. Aloysius Collegec2003 a248bPB aBiotechnology aBiotechnology